000 00591nmm a2200205Ia 4500
008 251105s9999||||xx |||||||||||||||||und||
020 _a9786071600011
041 _aspa
100 _aVilloro, Juan
245 0 _aEl libro salvaje
264 _a[México D.C., Mexico] :
_bFondo de Cultura Económica,
_c2013
300 _a239 páginas
490 _aA la Orilla del Viento
650 _aAges 9-12 Years Old
700 _aVilloro, Juan
700 1 _a Martínez Meave, Gabriel
700 1 _a Arrambide, Jaime
856 _uhttps://public.digitaliapublishing.com/a/43431
942 _cCF
999 _c72446
_d72446